[Event "Penang op 6th"]
[Site "Penang"]
[Date "2014.12.11"]
[Round "7"]
[White "Leong, Ignatius"]
[Black "Lee, Kah Howe William"]
[Result "1/2-1/2"]
[WhiteElo "2100"]
[BlackElo "1843"]
[PlyCount "156"]
[EventDate "2014.12.08"]
[EventType "swiss"]
[EventRounds "9"]
[EventCountry "MAS"]
[SourceTitle "CBM 163 Extra"]
[Source "ChessBase"]
[SourceDate "2014.12.23"]
[SourceVersion "1"]
[SourceVersionDate "2014.12.23"]
[SourceQuality "1"]

1. d4 d6 2. Bf4 g6 3. Nf3 Bg7 4. c3 e6 5. Nbd2 Ne7 6. e3 h6 7. h3 a6 8. a4 Nd7 9. Bc4 0-0 10. 0-0 b6 11. Re1 Bb7 12. e4 g5 13. Bg3 Ng6 14. e5 dxe5 15. Nxe5 Ndxe5 16. Bxe5 Bxe5 17. dxe5 Nf4 18. g3 Nd3 19. Bxd3 Qxd3 20. Qe2 Rad8 21. Qxd3 Rxd3 22. Nf1 Rfd8 23. Ne3 Bf3 24. Nf1 a5 25. g4 Rd1 26. Ne3 Rxe1+ 27. Rxe1 Bc6 28. b3 Rd2 29. b4 axb4 30. cxb4 Bxa4 31. Rc1 c6 32. Nc4 Rd3 33. Nxb6 Bb5 34. Nc8 Rxh3 35. Ne7+ Kg7 36. Nxc6 Rb3 37. Nd4 Rxb4 38. Rd1 Rb2 39. Re1 Bc4 40. Rc1 Be2 41. Nxe2 Rxe2 42. Rc5 Re4 43. f3 Re2 44. Kf1 Ra2 45. Ke1 Kg6 46. Rb5 h5 47. gxh5+ Kxh5 48. Rb4 Kg6 49. Rb5 Kf5 50. Rb7 Kg6 51. Rb5 Rc2 52. Ra5 Kf5 53. Ra7 f6 54. exf6 Kxf6 55. Ra5 Rb2 56. Ra8 Kf5 57. Rf8+ Kg6 58. Rg8+ Kf5 59. Rf8+ Kg6 60. Rg8+ Kf6 61. Ra8 Ke5 62. Re8 Ra2 63. Kf1 Kf4 64. Rxe6 Kxf3 65. Re1 g4 66. Rb1 g3 67. Kg1 Kg4 68. Rc1 Kh3 69. Rb1 Rg2+ 70. Kh1 Rf2 71. Kg1 Rh2 72. Ra1 Re2 73. Rb1 Re3 74. Ra1 Rf3 75. Rb1 g2 76. Ra1 Kg3 77. Ra3 Kg4 78. Ra2 Kh3 1/2-1/2